000 00290nam a2200109Ia 4500
008 230907s9999||||xx |||||||||||||| ||und||
082 _a658.2
_bGUS
100 _aGustin, Joseph
_9118018
245 _aFacility manager's handbook /
_cJoseph Gustin.
260 _c2019-09-27
942 _2ddc
_cEB
999 _c599630
_d599630